The status of the right of free and compulsory education act (RTE)- special reference to children with special needs (CWSN): A case study of Delhi (Record no. 519836)

000 -LEADER
fixed length control field 00932nam a22001577a 4500
008 - FIXED-LENGTH DATA ELEMENTS--GENERAL INFORMATION
fixed length control field 220510b ||||| |||| 00| 0 eng d
100 ## - MAIN ENTRY--PERSONAL NAME
Personal name Ratanlal
245 ## - TITLE STATEMENT
Title The status of the right of free and compulsory education act (RTE)- special reference to children with special needs (CWSN): A case study of Delhi
260 ## - PUBLICATION, DISTRIBUTION, ETC. (IMPRINT)
Place of publication, distribution, etc IASSI Quarterly: Contributions to Indian Social Science
300 ## - PHYSICAL DESCRIPTION
Extent 40(4), Oct-Dec, 2021: p.684-707
520 ## - SUMMARY, ETC.
Summary, etc This study examines the provisions mode for children with special needs (CWSN) in the government schools and Kendriya Vidyales and examine that are these provisions in conformity with the provisos mode under the right to free and compulsory education act (RTE act) 2009. – Reproduced

650 ## - SUBJECT ADDED ENTRY--TOPICAL TERM
Topical term or geographic name as entry element CWSN, RTE act, Education, Disability, India,
9 (RLIN) 31060
773 ## - HOST ITEM ENTRY
Main entry heading IASSI Quarterly: Contributions to Indian Social Science
906 ## - LOCAL DATA ELEMENT F, LDF (RLIN)
Subject DIP RIGHT TO EDUCATION
942 ## - ADDED ENTRY ELEMENTS (KOHA)
Item type Articles
Holdings
Withdrawn status Lost status Source of classification or shelving scheme Damaged status Not for loan Permanent location Current location Date acquired Serial Enumeration / chronology Barcode Date last seen Koha item type
          Indian Institute of Public Administration Indian Institute of Public Administration 2022-05-10 40(4), Oct-Dec, 2021: p.684-707 AR126629 2022-05-10 Articles

Powered by Koha